IV Festival Internacional de Titelles : Països Catalans, maig de 1977 : Barcelona, del 15 al 22 de maig / [organització: Secció de Titelles i Marionetes de l'Institut del Teatre de la Diputació Provincial de Barcelona. (Amb la col·laboració d'ENLLAÇ) ; coordinació: Jordi Coca i Roser Segura] Països Catalans, maig de 1977 :
Descripción Física:
[20] p. ; 21 cm
Colección:
Congrés de Cultura Catalana
Materias:
Titelles -- Congressos
MARC
| LEADER | 00000nam a2200000Ia 4500 | ||
|---|---|---|---|
| 001 | 17961 | ||
| 003 | BGR | ||
| 005 | 20260324175327.0 | ||
| 008 | 160829s1977 xx 000 0 cat d | ||
| 080 | |a FU-49-24 | ||
| 111 | |a Festival Internacional de Titelles |9 70882 |c (Barcelona : |d 1977) | ||
| 245 | |a IV Festival Internacional de Titelles : |b Països Catalans, maig de 1977 : |b Barcelona, del 15 al 22 de maig / [organització: |b Secció de Titelles i Marionetes de l'Institut del Teatre de la Diputació Provincial de Barcelona. (Amb la col·laboració d'ENLLAÇ) ; coordinació: |b Jordi Coca i Roser Segura] | ||
| 260 | |a Barcelona : |b Diputació Provincial : |b Ajuntament de Barcelona, |c 1977 | ||
| 300 | |a [20] p. ; |c 21 cm | ||
| 490 | |a Congrés de Cultura Catalana | ||
| 650 | |a Titelles |x Congressos |9 27153 | ||
| 700 | |a Coca, Jordi, |d 1947- |e coordinador |9 28798 | ||
| 700 | |a Segura, Roser, coord. |9 27156 |e coordinador | ||
| 710 | 1 | |a Institut del Teatre (Barcelona, Catalunya) |9 52662 | |
| 710 | 1 | |a Barcelona (Catalunya). |b Ajuntament |9 50981 | |
| 710 | 1 | |a Barcelona (Catalunya : Província). |b Diputació |9 52408 | |
| 901 | |a Arxiu | ||
| 942 | |n 1 |2 udc |c MON | ||
| 952 | |0 0 |1 0 |4 0 |6 FU4924 |7 1 |9 44292 |a Arxiu |b Arxiu |d 2016-12-01 |l 0 |o FU-49-24 |p 17961 |r 2016-12-01 00:00:00 |w 2016-12-01 |y ARXIU | ||
| 999 | |c 46872 |d 46872 | ||